Harry Potter Books' First Sentences Quiz Stats

 Plays Quiz Updated Sep 11, 2018

Score 0/148 Timer 06:00
6 Plays Today
Hint Answer % Correct
Harry Potter and the Prisoner of Azkabana
94.5%
Harry Potter and the Order of the Phoenixa
94.5%
Harry Potter and the Order of the Phoenixa
94.5%
Harry Potter and the Half-Blood Princea
94.5%
Harry Potter and the Deathly Hallowsa
94.5%
Harry Potter and the Chamber of Secretsthe
93%
Harry Potter and the Goblet of FireThe
93%
Harry Potter and the Goblet of Fire'the
93%
Harry Potter and the Goblet of Firethe
93%
Harry Potter and the Order of the PhoenixThe
93%
Harry Potter and the Order of the Phoenixthe
93%
Harry Potter and the Order of the Phoenixthe
93%
Harry Potter and the Half-Blood Princethe
93%
Harry Potter and the Half-Blood Princethe
93%
Harry Potter and the Deathly HallowsThe
93%
Harry Potter and the Deathly Hallowsthe
93%
Harry Potter and the Prisoner of AzkabanHarry
86.7%
Harry Potter and the Chamber of Secretsan
84.4%
Harry Potter and the Sorcerer's Stoneand
79.6%
Harry Potter and the Order of the Phoenixand
79.6%
Harry Potter and the Half-Blood Princeand
79.6%
Harry Potter and the Prisoner of Azkabanwas
78.2%
Harry Potter and the Order of the Phoenixwas
78.2%
Harry Potter and the Half-Blood Princewas
78.2%
Harry Potter and the Half-Blood Princewas
78.2%
Harry Potter and the Half-Blood Princewas
78.2%
Harry Potter and the Prisoner of AzkabanPotter
78.2%
Harry Potter and the Sorcerer's StoneDrive,
77.8%
Harry Potter and the Chamber of SecretsDrive.
77.8%
Harry Potter and the Order of the PhoenixDrive.
77.8%
Harry Potter and the Sorcerer's StonePrivet
77.2%
Harry Potter and the Chamber of SecretsPrivet
77.2%
Harry Potter and the Order of the PhoenixPrivet
77.2%
Harry Potter and the Sorcerer's StoneDursley,
75.5%
Harry Potter and the Sorcerer's Stoneof
75.1%
Harry Potter and the Goblet of Fireof
75.1%
Harry Potter and the Order of the Phoenixof
75.1%
Harry Potter and the Order of the Phoenixof
75.1%
Harry Potter and the Half-Blood Princeof
75.1%
Harry Potter and the Deathly Hallowsof
75.1%
Harry Potter and the Sorcerer's Stonefour,
70.2%
Harry Potter and the Chamber of Secretsfour,
70.2%
Harry Potter and the Sorcerer's Stonewere
68.1%
Harry Potter and the Sorcerer's Stonewere
68.1%
Harry Potter and the Sorcerer's Stonenumber
67.1%
Harry Potter and the Chamber of Secretsnumber
67.1%
Harry Potter and the Sorcerer's Stoneto
66.8%
Harry Potter and the Order of the Phoenixto
66.8%
Harry Potter and the Sorcerer's Stoneyou
65.6%
Harry Potter and the Sorcerer's StoneMr.
65.6%
Hint Answer % Correct
Harry Potter and the Prisoner of Azkabanboy
64.3%
Harry Potter and the Sorcerer's StoneMrs.
64.1%
Harry Potter and the Prisoner of Azkabanin
62.8%
Harry Potter and the Half-Blood Princein
62.8%
Harry Potter and the Deathly Hallowsin
62.8%
Harry Potter and the Sorcerer's Stonevery
62.7%
Harry Potter and the Sorcerer's Stonenormal,
62.3%
Harry Potter and the Goblet of Fireit
60.5%
Harry Potter and the Goblet of Fireit
60.5%
Harry Potter and the Half-Blood PrinceIt
60.5%
Harry Potter and the Sorcerer's Stonethey
58.7%
Harry Potter and the Sorcerer's Stonemuch.
56.6%
Harry Potter and the Sorcerer's Stonethank
56.1%
Harry Potter and the Sorcerer's Stonethat
55.6%
Harry Potter and the Half-Blood Princethat
55.6%
Harry Potter and the Sorcerer's Stoneperfectly
50%
Harry Potter and the Goblet of FireHouse,'
48.9%
Harry Potter and the Sorcerer's Stonesay
45.7%
Harry Potter and the Chamber of Secretsfor
45.4%
Harry Potter and the Chamber of Secretsat
45%
Harry Potter and the Goblet of Firethere.
43.7%
Harry Potter and the Chamber of SecretsNot
43.4%
Harry Potter and the Goblet of Firelived
42%
Harry Potter and the Chamber of Secretsfirst
41.4%
Harry Potter and the Chamber of Secretshad
41.4%
Harry Potter and the Goblet of Firehad
41.4%
Harry Potter and the Goblet of Firehad
41.4%
Harry Potter and the Order of the Phoenixsummer
40.3%
Harry Potter and the Sorcerer's Stoneproud
39.1%
Harry Potter and the Chamber of Secretstime,
38.2%
Harry Potter and the Goblet of FireLittle
37.4%
Harry Potter and the Order of the Phoenixday
36.9%
Harry Potter and the Order of the Phoenixso
35.4%
Harry Potter and the Goblet of FireRiddle
34.7%
Harry Potter and the Goblet of FireRiddle
34.7%
Harry Potter and the Goblet of Firefamily
34%
Harry Potter and the Goblet of Firebeen
30.3%
Harry Potter and the Half-Blood Princehis
29.6%
Harry Potter and the Half-Blood Princehis
29.6%
Harry Potter and the Chamber of Secretsout
28.7%
Harry Potter and the Deathly Hallowsout
28.7%
Harry Potter and the Prisoner of Azkabanmany
27.6%
Harry Potter and the Goblet of Firemany
27.6%
Harry Potter and the Deathly Hallowstwo
26.2%
Harry Potter and the Prisoner of Azkabanunusual
25.9%
Harry Potter and the Goblet of Fireeven
25.6%
Harry Potter and the Goblet of Firecalled
25.3%
Harry Potter and the Goblet of Firethough
24.9%
Harry Potter and the Goblet of Firesince
24.4%
Harry Potter and the Goblet of FireHangleton
24.4%
Hint Answer % Correct
Harry Potter and the Prisoner of Azkabanways.
24.2%
Harry Potter and the Goblet of Fireyears
23.7%
Harry Potter and the Chamber of Secretsover
22.9%
Harry Potter and the Order of the Phoenixover
22.9%
Harry Potter and the Half-Blood PrinceMinister
22.9%
Harry Potter and the Order of the Phoenixhottest
21.2%
Harry Potter and the Half-Blood PrincePrime
21.1%
Harry Potter and the Goblet of Firestill
20%
Harry Potter and the Goblet of Firevillagers
19.2%
Harry Potter and the Chamber of Secretsargument
19.1%
Harry Potter and the Chamber of Secretsbroken
18.1%
Harry Potter and the Chamber of Secretsbreakfast
17.1%
Harry Potter and the Half-Blood Princelong
16.8%
Harry Potter and the Order of the Phoenixclose
16.8%
Harry Potter and the Deathly Hallowsmen
16.8%
Harry Potter and the Order of the Phoenixfar
15.9%
Harry Potter and the Half-Blood Princeoffice,
14.9%
Harry Potter and the Prisoner of Azkabanhighly
14.6%
Harry Potter and the Half-Blood Princesitting
13.5%
Harry Potter and the Deathly Hallowsappeared
13.3%
Harry Potter and the Half-Blood Princemidnight
13.2%
Harry Potter and the Order of the Phoenixdrawing
12.1%
Harry Potter and the Order of the Phoenixhouses
12%
Harry Potter and the Deathly Hallowsnowhere,
11.8%
Harry Potter and the Half-Blood Princealone
11.1%
Harry Potter and the Half-Blood Princereading
10.8%
Harry Potter and the Deathly Hallowslane.
10.7%
Harry Potter and the Half-Blood Princememo
9.4%
Harry Potter and the Half-Blood Princenearing
9%
Harry Potter and the Half-Blood Princethrough
8.3%
Harry Potter and the Half-Blood Princewithout
8.1%
Harry Potter and the Order of the Phoenixlay
7.9%
Harry Potter and the Order of the Phoenixsquare
7.7%
Harry Potter and the Order of the Phoenixlarge,
7.4%
Harry Potter and the Order of the Phoenixsilence
7.2%
Harry Potter and the Half-Blood Princebrain
7%
Harry Potter and the Deathly Hallowsfew
6.5%
Harry Potter and the Deathly Hallowsapart
6.1%
Harry Potter and the Half-Blood Princeleaving
6%
Harry Potter and the Half-Blood Princebehind.
6%
Harry Potter and the Half-Blood Princeslipping
5.9%
Harry Potter and the Half-Blood Princetrace
5.8%
Harry Potter and the Deathly Hallowsyards
5.8%
Harry Potter and the Order of the Phoenixdrowsy
5.8%
Harry Potter and the Half-Blood Princeslightest
5.6%
Harry Potter and the Half-Blood Princemeaning
5.5%
Harry Potter and the Deathly Hallowsnarrow,
5.4%
Harry Potter and the Deathly Hallowsmoonlit
5.4%

You're not logged in!

Compare scores with friends on all Sporcle quizzes.
OR
Log In

Sporcle TV

Today on Sporcle TV


Watch our educational content, quiz creation guides, and fun videos on Sporcle TV.

Show Comments

Extras

Top Quizzes Today


Score Distribution

Your Account Isn't Verified!

In order to create a playlist on Sporcle, you need to verify the email address you used during registration. Go to your Sporcle Settings to finish the process.

Report this User

Report this user for behavior that violates our Community Guidelines.

Details: